• 首页
  • 本馆介绍
  • 公告通知
  • 最新文献
  • 馆藏检索
  • 电子资源
  • 读者导购
  • 参考咨询
  • 我的图书馆
  • 登录
  • 详细信息显示
  • 放入我的书架
  • 预约/预借图书
  • 作者相关作品
  • 分类相关作品
  • 丛书相关作品
  • 出版社相关作品

书目信息

  • 表格格式
  • 工作单格式
  • 卡片格式
题名:
外贸运输与保险
    
 
作者: 刁宇凡 , 程宏 主编
分册:  
出版信息: 杭州   浙江大学出版社  2007
页数: 397页
开本: 23m
丛书名:
单 册:
中图分类: F840.63
科图分类:
主题词: 对外贸易--运输保险--高等学校--教材 , 对外贸易 , 运输保险
电子资源:
ISBN: 978-7-308-05186-6
000 00971nam0 2200277 450
001 012007482812
005 20070516174642.35
010    @a978-7-308-05186-6@dCNY33.00
100    @a20070322d2007 km y0chiy0120 ea
101 0  @achi
102    @aCN@b330000
105    @ay z 000yy
106    @ar
200 1  @a外贸运输与保险@Awai mao yun shu yu bao xian@f刁宇凡,程宏主编@Fdiao yu fan,cheng hong zhu bian
210    @a杭州@c浙江大学出版社@d2007
215    @a397页@d23m
300    @a应用型本科院校经管专业规划教材系列
330    @a本书具体内容包括:外贸运输概述,国际海上货物班轮运输,国际航空货物运输,国际铁路、公路、邮政货物运输,国际货物多式联运,保险知识概述,海上保险合同,海运货物保险保障地范围等。
606 0  @a对外贸易@x运输保险@x高等学校@j教材
606 0  @a对外贸易
606 0  @a运输保险
690    @aF840.63@v4
701  0 @a刁宇凡@Adiao yu fan@4主编
701  0 @a程宏@Acheng hong@4主编
801  0 @aCN@bRULIN@c20070516
905    @dF840.63@e22@s5
    
    外贸运输与保险/刁宇凡,程宏主编.-杭州:浙江大学出版社,2007
    397页;23m
    应用型本科院校经管专业规划教材系列
    
    ISBN 978-7-308-05186-6:CNY33.00
    本书具体内容包括:外贸运输概述,国际海上货物班轮运输,国际航空货物运输,国际铁路、公路、邮政货物运输,国际货物多式联运,保险知识概述,海上保险合同,海运货物保险保障地范围等。
●
相关链接 在E读中查询图书 在五车中查询图书 在当当中查询图书 在豆瓣中查询图书


正题名:外贸运输与保险     索取号:F840.63/22         预约/预借

序号 登录号 条形码 馆藏地/架位号 状态 备注
1 0571966   205719668   第一样本阅览室/ [索取号:F840.63/22] 在馆    
2 0571967   205719677   第一借阅区/ [索取号:F840.63/22] 已借出,限还日期为2010.06.08
借出人:辛冬丽  
 
3 0571968   205719686   第一借阅区/ [索取号:F840.63/22] 在馆    
4 0571969   205719695   第一借阅区/ [索取号:F840.63/22] 在馆    
5 0571970   205719702   第一借阅区/ [索取号:F840.63/22] 在馆    
唐山师范学院图书馆 欢迎您!
大连网信软件有限公司© 版权所有